Sports Quiz

Random Sports or MLB Quiz

MLB Home Run Leaders (1990s) Quiz Stats

 Plays Quiz Updated Nov 17, 2017

Challenge
Share
Tweet
Embed
Score 0/24 Timer 07:00
0 Plays Today
HRs Player % Correct
405Mark McGwire
96.4%
332Sammy Sosa
93.9%
361Barry Bonds
92.6%
382Ken Griffey Jr.
88.5%
301Frank Thomas
69.6%
303Jose Canseco
64.8%
328Rafael Palmeiro
59.2%
339Juan Gonzalez
57.7%
351Albert Belle
52.9%
263Jeff Bagwell
51.1%
300Matt Williams
47.1%
300Fred McGriff
46.4%
HRs Player % Correct
263Mo Vaughn
44.7%
287Greg Vaughn
43.8%
262Larry Walker
43.1%
240Mike Piazza
42.7%
288Cecil Fielder
40.8%
245Joe Carter
39.4%
234David Justice
32.9%
260Jay Buhner
32.2%
236Dante Bichette
29.4%
255Andres Galarraga
27%
235Dean Palmer
21.8%
236Ron Gant
18.6%

You're not logged in!

Compare scores with friends on all Sporcle quizzes.
OR
Log In

You Might Also Like...

Show Comments

Extras

Top Quizzes Today


Score Distribution

Your Account Isn't Verified!

In order to create a playlist on Sporcle, you need to verify the email address you used during registration. Go to your Sporcle Settings to finish the process.

Report this User

Report this user for behavior that violates our Community Guidelines.

Details: